000 00569cam a2200145 4500500
005 20250921003726.0
041 _afre
042 _adc
100 1 0 _aKorchane, Faker
_eauthor
245 0 0 _aAbdelwahab Meddeb, Face à l’islam. Conservation avec Philippe Petit. Préface de Hind Meddeb. Textuel, “Conversations pour demain”, 2024, 236 pages, €22.
260 _c2025.
500 _a48
786 0 _nÉtudes | Mai | 5 | 2025-04-24 | p. 142a-143 | 0014-1941
856 4 1 _uhttps://shs.cairn.info/journal-etudes-2025-5-page-142a?lang=en&redirect-ssocas=7080
999 _c1506816
_d1506816